00695nam a2200241 a 4500001001300000003000900013005001700022008004100039020000900080082001600089100002100105245002800126260004800154300000900202500003500211505002400246650002000270700002100290902000800311942000700319952011400326999001300440nice12345678IN_TiNIC20260116011343.0050524s1968 rama grp 000 0 urd  ac2000a922.97bBED aBedar, Abid Raza aMaulana Abul Kalam Azad aRampurbInstitute of Oriental Studiesc1968 a292p aincludes index and biblioraphy2 aIndex, Bibliography aAbul Kalam Azad1 aBedar, Abid Raza bSRS cBK 001040708StackRoom-aHMIbHMId2007-06-06g20.00l0o922.97 BEDp03772r2007-06-06v20.00w2005-05-24yBK c788d788